RAAF commissioned officer ranks - Statistics

General Stats
  • This quiz has been taken 76 times
    22 since last reset
  • The average score is 7 of 12
Answer Stats
Hint Answer % Correct
2 pilot officer
100%
4 flight lieutenant
92%
5 squadron leader
83%
6 wing commander
83%
1 officer cadet
75%
8 air commodore
67%
3 flying officer
67%
7 group captain
58%
9 air vice marshal
42%
12 marshal of the raaf
33%
11 air chief marshal
25%
10 (CAF) air marshal stephen chappell
0%
No matching quizzes found
Score Distribution
Percent of People with Each Score
Percentile by Number Answered
Your Score History
You have not taken this quiz since the last reset